| 000 | 00735nam a2200205 4500 | ||
|---|---|---|---|
| 999 |
_c18672 _d18672 |
||
| 008 | 240110b ||||| |||| 00| 0 eng d | ||
| 020 | _a0072907762 | ||
| 082 |
_22000 _aDC 612.21 _bM36e |
||
| 100 |
_aMartin, Terry R. _911264 |
||
| 245 |
_aLaboratory manual : _bHole's essentials of human anatomy and physiology / _cTerry R. Martin and three others. |
||
| 260 |
_aBoston : _bMcGraw Hill, _c©2000. |
||
| 300 |
_aviii, 360 pages : _billustrations : _c28 cm. |
||
| 500 | _aIncludes appendices and index. | ||
| 650 |
_aHuman physiology. _950673 |
||
| 650 |
_aHuman anatomy. _950674 |
||
| 700 |
_aShier, David. _eauthor. _950675 |
||
| 700 |
_aButler, Jackie. _eauthor. _950676 |
||
| 700 |
_aLewis, Ricki. _eauthor. _950677 |
||
| 942 |
_2ddc _cDC |
||